Misbehaving <the> Making of Behavioral Economics

Na minha lista:
Detalhes bibliográficos
Autor principal: Thaler, Richard H.
Formato: Livro
Idioma:inglês
Publicado em: New York W. W. Norton & Company 2016
Assuntos:
Tags: Adicionar Tag
Sem tags, seja o primeiro a adicionar uma tag!

MARC

LEADER 00000nam a2200000 4500
001 0242960
005 20230109073115.9
020 |a 978-0-393-35279-5 
020 |a 978-0-393-08094-0 
041 0 |a eng 
044 |a US 
245 1 0 |a Misbehaving  |b <the> Making of Behavioral Economics  |c Richard H.Thaler 
264 1 |a New York  |b W. W. Norton & Company  |c 2016 
300 |a 415 s. 
610 2 0 |a ekonómia behaviorálna 
610 2 0 |a psychológia 
610 2 0 |a správanie 
610 2 0 |a trh 
610 2 0 |a financie 
610 2 0 |a domácnosti 
610 2 0 |a rozhodovanie 
610 2 0 |a podnikanie 
100 1 |a Thaler, Richard H.